| 000 | 01296nam a22003614c 4500 | ||
|---|---|---|---|
| 001 | 198128 | ||
| 003 | SpMaBN | ||
| 005 | 20260527214639.0 | ||
| 008 | 260223s2021 sp a | |||| 000 0 spa | ||
| 015 | _aMON21 | ||
| 017 |
_aM 13036-2021 _bOficina Depósito Legal Madrid |
||
| 020 | _a9788412336580 | ||
| 035 | _a(SpMaBN)a6970195 | ||
| 040 |
_aSpMaBN _bspa _cSpMaBN _erda |
||
| 080 | _a355.48(442.1/.3)"1944" | ||
| 245 | 0 | 0 |
_aDía D, la historia jamás contada _ccoordinación, Carmen Sabalete |
| 250 | _aPrimera edición: mayo de 2021 | ||
| 264 | 1 |
_a[Madrid] _bPinolia, _c[2021] |
|
| 264 | 4 | _c©2021 | |
| 300 |
_a254 páginas _bilustraciones (blanco y negro) _c23 cm |
||
| 336 |
_aTexto _aImagen fija _2rdacontent |
||
| 337 |
_asin mediación _2rdamedia |
||
| 338 |
_avolumen _2rdacarrier |
||
| 500 | _aRegistro provisional. A-16063. Depósito 1 | ||
| 650 | 7 |
_aDesembarco de Normandía, 1944 _2embne _9242858 |
|
| 700 | 1 |
_aSabalete, Carmen _9242859 |
|
| 852 |
_aES-MaACL _cDEPO1 _jA-16063 _hDonación: José Lázaro García _xEncuadernación rustica con solapas _zEn proceso |
||
| 942 |
_2udc _cMONOGRAFIA _n0 |
||
| 956 | _a2 | ||
| 999 |
_c198128 _d198128 |
||